Countries with embassies and consulates in Armenia - Statistics

General Stats
  • This quiz has been taken 75 times
  • The average score is 26 of 31
Answer Stats
Continent Country % Correct
Europe Germany
100%
Asia/ Europe Russia
97%
Europe United Kingdom
97%
South America Brazil
95%
Asia China
95%
Asia Iran
95%
North America United States of America
95%
South America Argentina
94%
Europe France
94%
Asia India
92%
Europe Ukraine
90%
Asia Iraq
89%
Europe Italy
89%
Africa Egypt
87%
Asia Georgia
87%
Asia Japan
87%
Europe Greece
86%
Asia Kazakhstan
84%
Europe Belarus
83%
Europe Romania
79%
Europe Sweden
79%
Asia United Arab Emirates
78%
Europe Bulgaria
76%
Asia Lebanon
76%
Asia Syria
76%
Europe Czech Republic
75%
Europe Poland
75%
Europe Switzerland
75%
Asia Turkmenistan
67%
Asia Kuwait
62%
Europe Lithuania
59%
No matching quizzes found
Score Distribution
Percent of People with Each Score
Percentile by Number Answered
Your Score History
You have not taken this quiz